| 000 | 00676nam a2200217 a 4500 | ||
|---|---|---|---|
| 005 | 20220923063448.0 | ||
| 008 | 081108s2000 mx r 000 0 spa d | ||
| 020 | _a9264445498 | ||
| 035 | _aUPN01000165858 | ||
| 049 | _aUNE | ||
| 080 | _a33 (091) (100) "1997" MAD. | ||
| 100 | 1 | _aMaddison, Angus | |
| 245 | 1 | 3 | _aLa Economía mundial, 1820-1992: Análisis y estadísticas/ por Angus Maddison. |
| 260 | _aParís: OCDE, 1997. | ||
| 300 | _a355 p.; 23 cm. il., retrs., fot. | ||
| 440 | 0 | _aEstudios del Centro de Desarrollo | |
| 690 |
_aHistoria económica _910243 |
||
| 690 | _aCrecimiento económico | ||
| 690 | _aEconomía- Análisis económico | ||
| 905 | _aUNESCO | ||
| 999 |
_c137970 _d137970 |
||